|
|
|
|
| LEADER |
00000nam a2200000 a 4500 |
| 001 |
UCS9684 |
| 003 |
CL-VaPUC |
| 008 |
971121e19800000SP |||||||||||||||||spa|d |
| 082 |
0 |
4 |
|a 340.11
|b OLI
|2 21
|
| 100 |
|
|
|a Olivecrona, Karl
|e autor
|9 394953
|
| 245 |
1 |
3 |
|a El derecho como hecho
|
| 300 |
|
|
|a 298 p
|
| 942 |
|
|
|c BK
|
| 945 |
|
|
|d 19971121 00:00:00
|a cmena
|
| 260 |
|
|
|a Barcelona
|b Labor
|c 1980
|
| 650 |
|
0 |
|a Positivismo jurídico
|9 255992
|
| 650 |
|
0 |
|a Filosofía del derecho
|9 255050
|
| 650 |
|
0 |
|a Derecho natural
|9 255041
|
| 650 |
|
0 |
|a Voluntad
|9 307812
|
| 650 |
|
0 |
|a Normas jurídicas
|9 258310
|
| 650 |
|
0 |
|a Derecho subjetivo
|9 256705
|
| 650 |
|
0 |
|a Escuelas filosóficas
|9 266232
|
| 650 |
|
0 |
|a Ordenamiento jurídico
|9 355371
|
| 583 |
|
|
|a last modification
|c 19971121 00:00:00
|k Rodrigo Vera
|
| 490 |
0 |
|
|a Manuales
|
| 999 |
|
|
|c 263445
|d 263443
|
| 952 |
|
|
|0 0
|1 0
|4 0
|6 340_110000000000000_OLI_1980
|7 0
|8 DER_TF
|9 292766
|a BIBDER
|b BIBDER
|d 2019-11-19
|i 1904671
|o 340.11 OLI 1980
|p 1904671
|r 2023-01-25
|w 2019-11-19
|x Ubicación 4to Piso
|y BK
|z Estos recursos deben solicitarse con anticipación
|k DER
|